00376 2200145 4500245007600000020001800076250001000094100002200104650002200126005001900148260003000167041001400197084001000211336000900221 aOrchidaceae Catalogue Of Bogor Batanic GardenscRicha Kusuma WatihText a9789797998271 acet 1 aRicha Kusuma Wati aRefrensi/Tumbuhan a20240903092029 aJakartabLIPI Pressc2015 aIndonesia a580.3 atext